Squares of Numbers Ending with 5 - Statistics

General Stats
  • This quiz has been taken 32 times
  • The average score is 7 of 56
Answer Stats
Hint Answer % Correct
25
94%
25² 625
63%
15² 225
56%
35² 1225
50%
45² 2025
50%
55² 3025
44%
105² 11025
38%
65² 4225
38%
75² 5625
38%
85² 7225
38%
95² 9025
38%
115² 13225
25%
125² 15625
25%
135² 18225
25%
145² 21025
19%
155² 24025
19%
165² 27225
19%
175² 30625
13%
185² 34225
13%
195² 38025
13%
205² 42025
13%
215² 46225
6%
225² 50625
6%
235² 55225
6%
325² 105625
0%
335² 112225
0%
345² 119025
0%
355² 126025
0%
365² 133225
0%
375² 140625
0%
385² 148225
0%
395² 156025
0%
405² 164025
0%
415² 172225
0%
425² 180625
0%
435² 189225
0%
445² 198025
0%
455² 207025
0%
465² 216225
0%
475² 225625
0%
485² 235225
0%
495² 245025
0%
505² 255025
0%
515² 265225
0%
525² 275625
0%
535² 286225
0%
545² 297025
0%
555² 308025
0%
245² 60025
0%
255² 65025
0%
265² 70225
0%
275² 75625
0%
285² 81225
0%
295² 87025
0%
305² 93025
0%
315² 99225
0%
No matching quizzes found
Score Distribution
Percent of People with Each Score
Percentile by Number Answered
Your Score History
You have not taken this quiz